Подробности
| 000 -МАРКЕР |
| контрольное поле |
02759nam0a2200349 4500 |
| 001 - ИДЕНТИФИКАТОР ЗАПИСИ |
| контрольное поле |
RU\NLR\BIBL_A\011394578 |
| 005 - ИДЕНТИФИКАТОР ВЕРСИИ |
| контрольное поле |
20250626060230.0 |
| 010 ## - МЕЖДУНАРОДНЫЙ СТАНДАРТНЫЙ НОМЕР КНИГИ (ISBN) |
| Номер (ISBN) |
978-5-7513-2303-5 |
| Цена |
150 экз. |
| 021 ## - НОМЕР ГОСУДАРСТВЕННОЙ РЕГИСТРАЦИИ |
| Код страны |
Российская Федерация |
| Номер |
2017-31424 |
| Номер Листа государственной регистраци |
2317 |
| 035 ## - ДРУГИЕ СИСТЕМНЫЕ НОМЕРА |
| Идентификатор записи |
(RuMoRGB)008871458 |
| 035 ## - ДРУГИЕ СИСТЕМНЫЕ НОМЕРА |
| Идентификатор записи |
(NLR Aleph) 011394578 |
| 100 ## - ДАННЫЕ ОБЩЕЙ ОБРАБОТКИ |
| Данные общей обработки |
20170526d2016 |||y0rusy50 ca |
| 101 0# - ЯЗЫК РЕСУРСА |
| Язык текста, звукозаписи и т.д. |
якутский |
| -- |
русский |
| 102 ## - СТРАНА ПУБЛИКАЦИИ ИЛИ ПРОИЗВОДСТВА |
| Страна публикации |
Российская Федерация |
| 105 ## - ПОЛЕ КОДИРОВАННЫХ ДАННЫХ: ТЕКСТОВЫЕ МАТЕРИАЛЫ, МОНОГРАФИЧЕСКИЕ |
| Кодированные данные о монографическом текстовом документе |
c|||zzzz1|||y |
| 200 1# - ЗАГЛАВИЕ И СВЕДЕНИЯ ОБ ОТВЕТСТВЕННОСТИ |
| Основное заглавие |
XXI үйэҕэ саха тылын, литерэтиирэтин сайдыыта |
| Сведения, относящиеся к заглавию |
саха салаата төрүттэммитэ 75 сылыгар уонна тыл үөрэхтээхтэрэ Н. Д. Дьячковскай, П. С. Афанасьев, Н. Е. Петров, А. К. Сивцев, М. А. Черосов чинчийэр, үөрэтэр үлэлэригэр аналлаах өрөспүүбүлүкэтээҕи билим кэмпириэнсийэтин матырыйааллара, 2014 с., сэтинньи 28 күнэ |
| Первые сведения об ответственности |
М. К. Аммосов аатынан Хотугулуу-Илиҥҥи бэдэрээссийэлии үнүбэрсиэт [и др.] |
| Последующие сведения об ответственности |
[хомуйан оҥордулар: Г. Г. Филиппов, И. Н. Сорова, А. А. Федорова] |
| 210 ## - ПУБЛИКАЦИЯ, РАСПРОСТРАНЕНИЕ И ДР. |
| Место издания, распространения и т.д. |
Дьокуускай |
| Имя издателя, распространителя и т. д. |
Северо-Восточный федеральный ун-т |
| Дата издания, распространения и т.д. |
2016 |
| 215 ## - ФИЗИЧЕСКАЯ ХАРАКТЕРИСТИКА |
| Специфическое обозначение материала и объем |
228 с. |
| Другие сведения о физической характеристике |
табл. |
| Размеры |
20 см |
| 320 ## - ПРИМЕЧАНИЯ О НАЛИЧИИ В ДОКУМЕНТЕ БИБЛИОГРАФИИ / УКАЗАТЕЛЯ |
| Текст примечания |
Библиогр. в конце ст. |
| 541 1# - ПЕРЕВОД ЗАГЛАВИЯ, СДЕЛАННЫЙ КАТАЛОГИЗАТОРОМ |
| Заглавие |
Развитие якутского языка и литературы в XXI веке : |
| Сведения, относящиеся к заглавию |
материалы республиканской научной конференции |
| Язык заглавия |
русский |
| 606 ## - НАИМЕНОВАНИЕ ТЕМЫ КАК ПРЕДМЕТ |
| Наименование темы |
Филологические науки. Художественная литература -- Языкознание -- Тюркские языки -- Северо-восточная группа языков -- Якутский язык -- Материалы конференции |
| Код системы |
rubbk |
| 606 ## - НАИМЕНОВАНИЕ ТЕМЫ КАК ПРЕДМЕТ |
| Наименование темы |
Филологические науки. Художественная литература -- Российская Федерация -- Якутская литература -- с 1991 г. -- История литературы. Идейно-художественные особенности литературы -- Материалы конференции |
| Код системы |
rubbk |
| 686 1# - ИНДЕКСЫ ДРУГИХ КЛАССИФИКАЦИЙ |
| Индекс |
Ш163.41-0 я431 |
| 686 1# - ИНДЕКСЫ ДРУГИХ КЛАССИФИКАЦИЙ |
| Индекс |
Ш5(2=Я)64-3 |
| 702 #1 - ИМЯ ЛИЦА - ВТОРИЧНАЯ ОТВЕТСТВЕННОСТЬ |
| Начальный элемент ввода |
Филиппов |
| Часть имени, кроме начального элемента ввода |
Г. Г. |
| Даты |
1944- |
| Расширение инициалов личного имени |
Гаврил Гаврильевич |
| Код отношения |
Составитель |
| 711 02 - НАИМЕНОВАНИЕ ОРГАНИЗАЦИИ - АЛЬТЕРНАТИВНАЯ ОТВЕТСТВЕННОСТЬ |
| Начальный элемент ввода |
М. К. Аммосов аатынан Хотугулуу-Илиҥҥи бэдэрээссийэлии үнүбэрсиэт |
| Идентифицирующий признак |
Дьокуускай |
| 852 ## - МЕСТОНАХОЖДЕНИЕ И ШИФР ХРАНЕНИЯ |
| Идентификатор организации |
NLR |
| Наименование фонда или коллекции (Sub-Location Identifier) |
ОНЛ |
| Шифр хранения (Call Number) |
Якут./2-3781 |
| 942 ## - ДОПОЛНИТЕЛЬНЫЕ ЭЛЕМЕНТЫ ЗАПИСИ (АБИС) |
| Тип экземпляра АБИС |
Книга |
| 980 ## - КОЛЛЕКЦИЯ |
| Название коллекции |
НБР |
| 980 ## - КОЛЛЕКЦИЯ |
| Название коллекции |
Национальная библиография |